000 01328nam0a22002531 4500
001 rc\486843
005 20260407143203.0
035 _a(NLR Aleph) 005729202
090 _a7560951
_c7560951
100 _a20030616d1986 |||y0rusy50 ca
101 0 _arus
102 _aRU
105 _aa |||||||||
200 1 _aМЕТОДЫ и средства измерений геометрических параметров для гибких автоматизированных производств
_eОбзор по отеч. и зарубеж. источникам 1980-1984 гг.
_fЦНИИ информ. и техн.-экон. исслед. по атом. науке и технике
_g[Е.А. Черторижский
_gНауч. ред. к. т. н. В.И. Симоненков]
210 _aМ.
_cЦНИИатоминформ
_d1986
215 _a25 с.
_cил.
_d21
320 _aБиблиогр.: с. 25
702 1 _aЧерторижский
_bЕ.А.
_gЕвгений Александрович
_4220
712 0 2 _aЦНИИ информации и технико-экономических исследований по атомной науке и технике
_cМосква
_3RU\NLR\AUTH\8810014859
_9527602
801 0 _aRU
_bNLR
_gpsbo
801 1 _aRU
_bELAR
_2rusmarc
852 _aNLR
_j88-4/2359
942 _cBOOK
980 _aNB